| 000 | 01147nam a22002177a 4500 | ||
|---|---|---|---|
| 003 | BD-DhUL | ||
| 005 | 20170226164309.0 | ||
| 008 | 161128s1995 bg a|||| mb|| 00| 0 ben d | ||
| 040 |
_aBD-DhUL _cBD-DhUL |
||
| 082 |
_a954.92 _bISB |
||
| 100 | 1 | _aইসলাম, এম. নুরুল | |
| 245 | 1 | 0 |
_aবাঙালীর ইতিহাস চর্চার ধারা, ১৯০১-১৯৫০ / _cএম. নুরুল ইসলাম। _h[অভিসন্দর্ভ পিএইচডি] |
| 260 |
_aঢাকা : _bঢাকা বিশ্ববিদ্যালয়, _c১৯৯৫। |
||
| 300 |
_a ৪৭৭ পৃ. ; _c২৯ সে. মি. |
||
| 500 | _aঅভিসন্দর্ভ (পিএইচ.ডি. )--ইতিহাস বিভাগ, ঢাকা বিশ্ববিদ্যালয়, ১৯৯৫। | ||
| 504 | _aগ্রন্থপঞ্জি: পৃ. ২৩৬-২৪০ | ||
| 504 | _aগ্রন্থপঞ্জিগত তথ্য সংবলিত | ||
| 651 | 4 |
_aবাংলাদেশ _xইতিহাস |
|
| 651 | 4 |
_aBangladesh _xHistory |
|
| 942 |
_2ddc _cREF |
||
| 999 |
_c158121 _d158121 |
||